000 01046nam a2200277Ia 4500
003 OSt
005 20221005111732.0
006 a|||||r|||| 00| 0
007 ta
008 221004b |||||||| |||| 00| 0 hin d
020 _a9788192897752 (hbk)
_cIndian Rupees 200
024 _a33831
037 _bGift, 03/10/2017,
_cTextual
040 _aCRL
_cCRL
_bhin
041 _2hin
_ahin
082 _aO152,1NSH,KK, Q5
100 _aश्रीवास्तव, मनोज कुमार, ले.
_9624227
245 0 _aक्षितिज को ऑंगन बुलाते हुए
246 _aKṣhitij ko ऑangan bulāte hue
260 _aभोपाल
_bरचना समय भारत
_c2015
300 _a92पृ0
_ccm.
650 _a हिन्दी साहित्य
650 _aहिन्दी कविता
942 _hO152,1NSH,KK, Q5
_cTEXL
_2cc
999 _c1022738
_d1022738